Szczegóły MARC21

Die Entdeckung der Currywurst /

003 -Nazwa inst., której nr kontr. jest w polu 001 [,]
    • @
    • Nazwa instytucji, której n kontrolny jest w polu 001
    • NUKAT
005 -DATA I CZAS OSTATNIEJ MODYFIKACJI [,]
    • @
    • pole kontrolne
    • 20241231092527.0
020 -Międzynarod. znormalizowany nr książki - ISBN [ , ]
    • a
    • Numer ISBN
    • 9788723505743 Find
    • q
    • Dopowiedzenie
    • Dänemark
020 -Międzynarod. znormalizowany nr książki - ISBN [ , ]
    • a
    • Numer ISBN
    • 9783126757379 Find
040 -Instytucja sporządzająca opis [ , ]
    • a
    • Instytucja, która sporządziła opis (NP)
    • Ł U/BFIL
    • b
    • Język katalogowania
    • pol
    • e
    • Zasady katalogowania
    • rda
    • c
    • Instytucja, która sporządziła rekord (NP)
    • Ł U/BFIL
    • d
    • Instytucja, która zmodyfikowała rekord (P)
    • Ł U/AS
044 -Kraj miejsca wydania [ , ]
    • a
    • Kraj miejsca wydania
    • Dania
    • a
    • Kraj miejsca wydania
    • Niemcy
942 -Rodzaj dokumentu [ , ]
    • c
    • Rodzaj dokumentu
    • Książka
100 -Hasło główne - nazwa osobowa [1, ]
    • a
    • Nazwa osobowa (NP)
    • Timm, Uwe
    • d
    • Daty biograficzne (NP)
    • (1940- ).
    • e
    • Rodzaj współpracy
    • Autor
    • 9
    • KHW
    • 254792
240 -Tytuł ujednolicony [1,0]
    • a
    • Tytuł ujednolicony
    • Entdeckung der Currywurst
    • l
    • Język tekstu
    • (niem. ;
    • k
    • Sformalizowane określenie
    • adaptacja)
    • 9
    • KHW
    • 647705
245 -Strefa tytułu i oznaczenia odpowiedzialności [1,4]
    • a
    • Tytuł
    • Die Entdeckung der Currywurst / Find
    • c
    • Pozostałe elementy strefy tytułu i oznaczenia odpowiedzialności (NP)
    • Uwe Timm ; bearbeitet von: Angela Vitt ; Illustrationen: Lars Munck.
260 -Strefa adresu wydawniczego [ , ]
    • a
    • Miejsce wydania (P)
    • Copenhagen :
    • b
    • Nazwa wydawcy (P)
    • Easy Readers Egmont ;
    • a
    • Miejsce wydania (P)
    • [Stuttgart] :
    • b
    • Nazwa wydawcy (P)
    • Ernst Klett Sprachen,
    • c
    • Data wydania (P)
    • © 2014.
300 -Strefa opisu fizycznego [ , ]
    • a
    • Określenie formy książki i/lub objętość (NP)
    • 98, [1] strona :
    • b
    • Oznaczenie ilustracji (NP)
    • ilustracje ;
    • c
    • Format (NP)
    • 19 cm.
336 -Typ zawartości [ , ]
    • a
    • Termin opisujący typ zawartości
    • Tekst
    • b
    • Kod określający zawartość
    • txt
    • 2
    • Źródło (terminu i kodu)
    • rdacontent
337 -Typ mediów [ , ]
    • a
    • Tryb odtwarzania
    • Bez urządzenia pośredniczącego
    • b
    • Kod typu mediów
    • n
    • 2
    • Źródło (terminu i kodu)
    • rdamedia
338 -Typ/rodzaj nośnika [ , ]
    • a
    • Hasło opisujące typ nośnika
    • Wolumin
    • b
    • Kod typu nośnika
    • nc
    • 2
    • Źródło (terminu i kodu)
    • rdacarrier
490 -Strefa serii i książki wielotomowej - forma nie do wyszukiwania [1, ]
    • a
    • Tytuł (P)
    • Easy Readers = Leicht zu Lesen. C Find
830 -Hasło dodatkowe serii i opisu książki wielotomowej - tytuł ujednolicony/tytuł [ ,0]
    • a
    • Tytuł ujednolicony/tytuł (NP)
    • Easy Readers
    • 9
    • KHW
    • 401923
500 -Uwaga ogólna [ , ]
    • a
    • Uwaga ogólna (NP)
    • Miejsce wydania według BVB online.
500 -Uwaga ogólna [ , ]
    • a
    • Uwaga ogólna (NP)
    • Przy serii: (B1,CEFR).
500 -Uwaga ogólna [ , ]
    • a
    • Uwaga ogólna (NP)
    • Gekürzt und vereinfacht für Schule und Selbststudium.
700 -Hasło dodatkowe - nazwa osobowa [1, ]
    • a
    • Nazwa osobowa (NP)
    • Vitt, Angela Find
    • d
    • Daty biograficzne (NP)
    • (1971- ).
    • e
    • Określenie rodzaju współpracy
    • Redakcja
    • 9
    • KHW
    • 647702
700 -Hasło dodatkowe - nazwa osobowa [1, ]
    • a
    • Nazwa osobowa (NP)
    • Munck, Lars Find
    • d
    • Daty biograficzne (NP)
    • (1976- ).
    • e
    • Określenie rodzaju współpracy
    • Ilustracje
    • 9
    • KHW
    • 647703
710 -Hasło dodatkowe - nazwa ciała zbiorowego [2, ]
    • a
    • Nazwa ciała zbiorowego lub nazwa geograficzna jako pierwszy element (NP)
    • Easy Readers.
    • e
    • Rodzaj współpracy
    • Wydawca
    • 4
    • Kod relacji
    • pbl
    • 9
    • KHW
    • 601174
710 -Hasło dodatkowe - nazwa ciała zbiorowego [2, ]
    • a
    • Nazwa ciała zbiorowego lub nazwa geograficzna jako pierwszy element (NP)
    • Ernst Klett Verlag (Stuttgart).
    • e
    • Rodzaj współpracy
    • Wydawca
    • 4
    • Kod relacji
    • pbl
    • 9
    • KHW
    • 83751
920 -ISBN [ , ]
    • a
    • ISBN
    • 978-87-23-50574-3 Find
    • q
    • Dopowiedzenie
    • Dänemark
920 -ISBN [ , ]
    • a
    • ISBN
    • 978-3-12-675737-9 Find
Status udost. Numer inwentarzowy Data inwentaryzacji Lokalizacja Sygnatura
-3BJM.16052022-10-13BMGerm. Nauka jęz.-literatura 15
-3BJM.16062022-10-13BMGerm. Nauka jęz.-literatura 14
-3BJM.16072022-10-13BMGerm. Nauka jęz.-literatura 13